00543nam a2200181Ia 4500003000900000008004100009020002200050040001600072080001900088100002000107245010500127260002900232300001500261490004300276650001300319650001700332650001200349IN-BaIIA211028s9999 xx 000 0 eng d a978-1-4614-9235-1 cIIA Library a531.5:524bKEE aKeeton, Charles 0aPrinciples of astrophysicsbusing gravity and stellar physics to explore the cosmoscCharles Keeton  aNew YorkbSpringerc2014 axxi, 434p. aUndergraduate lecture notes in physics aAstronom aAstrophysics aPhysics